000
00305nam a22001337a 4500
008
171002b xxu||||| |||| 00| 0 eng d
020
_a
9780205381098
041
_a
eng
080
_2
4TH
_a
37
100
_a
47
101
_a
EDU
245
_a
SOCIAL WORK SERVICES IN SCHOOLS
_c
MEARES,P.A
942
_2
udc
_c
BK
999
_c
31084
_d
31084